<?xml version="1.0" encoding="UTF-8"?>
<record
    xmlns:xsi="http://www.w3.org/2001/XMLSchema-instance"
    xsi:schemaLocation="http://www.loc.gov/MARC21/slim http://www.loc.gov/standards/marcxml/schema/MARC21slim.xsd"
    xmlns="http://www.loc.gov/MARC21/slim">

  <leader>00533    a2200181   4500</leader>
  <controlfield tag="003">OSt</controlfield>
  <controlfield tag="005">20241008135817.0</controlfield>
  <controlfield tag="008">231019b        |||||||| |||| 00| 0 eng d</controlfield>
  <datafield tag="020" ind1=" " ind2=" ">
    <subfield code="a">9789776303041</subfield>
  </datafield>
  <datafield tag="040" ind1=" " ind2=" ">
    <subfield code="c">oclc</subfield>
  </datafield>
  <datafield tag="082" ind1=" " ind2=" ">
    <subfield code="a">892.78</subfield>
    <subfield code="b">RAF/V</subfield>
  </datafield>
  <datafield tag="100" ind1=" " ind2=" ">
    <subfield code="a">Rafee,Musthafa Swadiq</subfield>
    <subfield code="9">10519</subfield>
  </datafield>
  <datafield tag="245" ind1=" " ind2=" ">
    <subfield code="a">VAHYUL QALAM: </subfield>
    <subfield code="b">The inspiring pen</subfield>
    <subfield code="c">Musthafa Swadiq Rafee</subfield>
  </datafield>
  <datafield tag="250" ind1=" " ind2=" ">
    <subfield code="a">1st ed.</subfield>
  </datafield>
  <datafield tag="260" ind1=" " ind2=" ">
    <subfield code="a">Cairo:</subfield>
    <subfield code="b">Wake Up Alsahoh,</subfield>
    <subfield code="c">2008.</subfield>
  </datafield>
  <datafield tag="300" ind1=" " ind2=" ">
    <subfield code="a">3v, 415p. ;</subfield>
  </datafield>
  <datafield tag="942" ind1=" " ind2=" ">
    <subfield code="2">ddc</subfield>
    <subfield code="c">BK</subfield>
    <subfield code="h">892.78</subfield>
    <subfield code="k">892.78</subfield>
    <subfield code="i">RAF/V</subfield>
    <subfield code="m">RAF/V</subfield>
  </datafield>
  <datafield tag="952" ind1=" " ind2=" ">
    <subfield code="0">0</subfield>
    <subfield code="1">0</subfield>
    <subfield code="2">ddc</subfield>
    <subfield code="4">0</subfield>
    <subfield code="7">0</subfield>
    <subfield code="8">MISCELLANEOUS</subfield>
    <subfield code="a">MES</subfield>
    <subfield code="b">MES</subfield>
    <subfield code="c">ARB</subfield>
    <subfield code="d">2023-10-19</subfield>
    <subfield code="l">0</subfield>
    <subfield code="o">892.78 RAF/V</subfield>
    <subfield code="p">42892</subfield>
    <subfield code="r">2023-10-19 10:14:12</subfield>
    <subfield code="t">Vol. 3</subfield>
    <subfield code="v">1500.00</subfield>
    <subfield code="w">2023-10-19</subfield>
    <subfield code="y">BK</subfield>
    <subfield code="z">GR5R4</subfield>
  </datafield>
  <datafield tag="952" ind1=" " ind2=" ">
    <subfield code="0">0</subfield>
    <subfield code="1">0</subfield>
    <subfield code="2">ddc</subfield>
    <subfield code="4">0</subfield>
    <subfield code="7">0</subfield>
    <subfield code="8">MISCELLANEOUS</subfield>
    <subfield code="a">MES</subfield>
    <subfield code="b">MES</subfield>
    <subfield code="c">ARB</subfield>
    <subfield code="d">2023-10-19</subfield>
    <subfield code="l">0</subfield>
    <subfield code="o">892.78 RAF/V</subfield>
    <subfield code="p">42891</subfield>
    <subfield code="r">2023-10-19 10:14:12</subfield>
    <subfield code="t">Vol. 2</subfield>
    <subfield code="v">1500.00</subfield>
    <subfield code="w">2023-10-19</subfield>
    <subfield code="y">BK</subfield>
    <subfield code="z">GR5R4</subfield>
  </datafield>
  <datafield tag="952" ind1=" " ind2=" ">
    <subfield code="0">0</subfield>
    <subfield code="1">0</subfield>
    <subfield code="2">ddc</subfield>
    <subfield code="4">0</subfield>
    <subfield code="7">0</subfield>
    <subfield code="8">MISCELLANEOUS</subfield>
    <subfield code="a">MES</subfield>
    <subfield code="b">MES</subfield>
    <subfield code="c">ARB</subfield>
    <subfield code="d">2023-10-19</subfield>
    <subfield code="l">0</subfield>
    <subfield code="o">892.78 RAF/V</subfield>
    <subfield code="p">42890</subfield>
    <subfield code="r">2023-10-19 10:14:12</subfield>
    <subfield code="t">Vol. 1</subfield>
    <subfield code="v">1500.00</subfield>
    <subfield code="w">2023-10-19</subfield>
    <subfield code="y">BK</subfield>
    <subfield code="z">GR5R4</subfield>
  </datafield>
  <datafield tag="999" ind1=" " ind2=" ">
    <subfield code="c">42658</subfield>
    <subfield code="d">42658</subfield>
  </datafield>
</record>
